000 01180cam a22003011 4500
001 gs 65000170
003 DLC
005 20260227111416.0
008 780308s1964 dcua f000 0 eng c
010 _ags 65000170
035 _a(OCoLC)3697419
040 _aU. S. Geol. Survey. Libr.
_cUSlW
_dISS
_dOCoLC
_dDLC
050 0 0 _aQE75
_b.P9 no. 416
051 _aQE86.C58
_bC6
086 0 _aI 19.16:416
100 1 _aCooper, John R.
_q(John Roberts),
_d1907-
245 1 0 _aGeology and ore deposits of the Dragoon quadrangle, Cochise county, Arizona,
_cby John R. Cooper and Leon T. Silver.
260 _aWashington,
_bU.S. Govt. Print. Off.,
_c1964.
300 _avi, 196 p.
_billus. (part col.) maps (3 col.)
_c30 cm.
410 2 0 _aGeological Survey (U.S.)
_tProfessional paper
_v416
500 _aPart of illustrative matter in pocket.
504 _aBibliography: p. 189-191.
650 0 _aGeology
_zArizona
_zCochise County.
650 0 _aOre deposits
_zArizona
_zCochise County.
650 0 _aMines and mineral resources
_zArizona
_zCochise County.
700 1 _aSilver, Leon T.
_q(Leon Theodore),
_d1925-
_ejoint author
740 0 _aDragoon quadrangle, Cochise County, Arizona
999 _c30003
_d30003